00244nam a22001097a 4500003000400000082001800004100002100022245002900043260003200072300001300104650001700117SGT a617.643bP66S aSalzmann, J. A.  aPractice of Orthodontics bJ. B. Lippincott CO. c1966 a555-1074 aOrthodontics